=LDR 00000nam 2200000 4500 =001 INLIS000000000042273 =005 20230614090314 =035 ##$$a 0010-101300000000195 =008 230614################g##########0#ind## =041 ##$$a Ind =082 ##$$a 650.1 =090 ##$$a 650.1, Ent r.3 =100 ##$$a Enterprise, Jubilee =245 1#$$a Rahasia Bisnis Desain Grafis , : $b Strategi Memenangkan Pertempuran Bisnis Berbasis Kreativitas /$c Jubilee Enterprise =260 ##$$a Jakarta :$b Elex Media Komputindo,$c 2009 =300 ##$$a ix, 203 hlm. : $b ilus. ; $c 21 x 14 cm. =850 ##$$a NBPNMAT =084 ##$$a 650.1 ENT r =650 #4$$a Bisnis =020 ##$$a 978-979-27-6407-9 =520 ##$$a Bibliografi : hlm.200 =990 ##$$a 21108152 =990 ##$$a 21108154 =990 ##$$a 21108153